Bilaterálne vzťahy USA a Číny v rokoch 2016-2020 bakalárska práca

Salvato in:
Dettagli Bibliografici
Autore principale: Kaššová, Andrea
Ente Autore: Fakulta medzinárodných vzťahov EU. Katedra medzinárodných politických vzťahov
Altri autori: Škvrnda, František, ml., 1987-
Natura: Libro
Lingua:slovacco
Pubblicazione: Bratislava 2022
Tags: Aggiungi Tag
Nessun Tag, puoi essere il primo ad aggiungerne!!

MARC

LEADER 00000nbm a2200000 4500
001 0285190
005 20240422084244.4
041 0 |a slo 
044 |a SK 
245 1 0 |a Bilaterálne vzťahy USA a Číny v rokoch 2016-2020  |b bakalárska práca  |c Andrea Kaššová ; školiteľ: František Škvrnda ml. 
264 1 |a Bratislava  |c 2022 
300 |a 48 s. 
100 1 |a Kaššová, Andrea 
700 1 |a Škvrnda, František, ml., 1987- 
710 2 |a Fakulta medzinárodných vzťahov EU. Katedra medzinárodných politických vzťahov